000 02238nam a2200457 4500
003 EG-GICUC
005 20260121101353.0
008 251127s2025 ua ||||fr|||| 000 0 ara d
040 _aEG-GICUC
_cEG-GICUC
_dEG-GICUC
_erda
_bara
041 0 _aara
_dara
049 _aإيداع
082 0 4 _a343.2141
_221
097 _aPh.D
099 _aLaw 10 PHD 2025
100 0 _aسامح محمد جلبى عوض
_eمؤلف.
245 1 0 _aالحماية الجنائية لشفافية اسواق الاوراق المالية :
_bدراسة مقارنة /
_cاعداد سامح محمد جلبى عوض - اشراف احمد عوض بلال ؛ عمر محمد محمد سالم ؛ محمد الدسوقي الشهاوي .
246 1 5 _aThe criminal protection of securities market transparency \
_bAcomparative study /
264 0 _aالقاهرة :
_bكلية الحقوق - جامعة القاهرة,
_c2025.
300 _a732 صفحة :
_billustrations ; إيضاحيات ؛
_c30 cm. +
_eCD.
336 _atext
_2rda content
337 _aComputer
_2rda media
338 _aOnline Resource
_2rda carrier
502 _a أطروحة (دكتوراه)-جامعة القاهرة، 2025.
504 _aيشتمل على إرجاعات بيبليوجرافية: 664-718صفحة
546 _aالنص بالعربية والملخص بالإنجليزية.
650 0 4 _aالقواعد العامة فى المال العام
_2qrmak
653 0 _aالمحاكم الاقتصادية
653 0 _aاسوق الاوراق المالية
653 0 _aالبنيان القانوني
653 0 _aالمساعدة القضائية
653 0 _aحجية الاحكام الاجنبية
655 4 _aرسائل جامعية
_zجامعة القاهرة
700 0 _aاحمد عوض بلال
_eمشرف.
700 0 _aعمر محمد محمد سالم
_eمشرف.
700 0 _aمحمد الدسوقي الشهاوي
_eمشرف.
710 2 _aجامعة القاهرة
_bكلية الحقوق
856 _uhttps://fll.law.cu.edu.eg/fulltext/th/T10-04228.pdf
900 _b01-01-2023
_Uجامعة القاهرة Cairo University
_Fكلية Faculty of
_Dقسم Department of
905 _a31
942 _2ddc
_n0
_cTH
_e21
999 _c46514